| 000 | 00361pab a2200157 454500 | ||
|---|---|---|---|
| 008 | 180718b2006 xxu||||| |||| 00| 0 eng d | ||
| 100 | _aKhanka, S.S. | ||
| 245 | _aParticipatory watershed manazgement | ||
| 260 | _c2006 | ||
| 300 | _ap.12-16. | ||
| 362 | _aJul | ||
| 650 | _aWatersheds | ||
| 700 | _aBhuyan, Anjan | ||
| 773 | _aKurukshetra | ||
| 909 | _a70178 | ||
| 999 |
_c70178 _d70178 |
||